000 00516nam a22001697a 4500
003 NUST
038 _aMr. Zahoor
082 _a200
100 _aHaleema Saadia
_915372
245 _aAdaptive Control of air- to -air Missile using Multilayer NN feedforward and RISE Feedback terms /
_cHaleema Saadia
260 _aIslamabad :
_bCEME - NUST,
_c2015.
300 _a57 p. ;
500 _aHard Bound.
600 _xElectrical Engineering - MS Thesis
_915630
700 _4Supervisor: Dr. Usman Ali
942 _2ddc
_cTHE
999 _c524567
_d524567